| 000 | 00470nam a2200169Ia 4500 | ||
|---|---|---|---|
| 999 |
_c12836 _d12836 |
||
| 003 | OSt | ||
| 005 | 20201110104018.0 | ||
| 008 | 190216s9999||||xx |||||||||||||| ||und|| | ||
| 040 | _coclc | ||
| 082 |
_a823 _bLYN/T |
||
| 100 |
_aLynn, Jack _96373 |
||
| 245 | 4 |
_aThe Turncoat / _cJack Lynn |
|
| 260 |
_bSphere Books Limited, _c1977. _aLondon: |
||
| 300 | _a404p | ||
| 650 | _aEnglish Novel-English Novel | ||
| 942 |
_cBK _2ddc _h823 _iLYN/T _k823 _mLYN/T |
||